| 000 | 00790nam a2200229 u 4500 | ||
|---|---|---|---|
| 005 | 20250812063916.0 | ||
| 008 | 091020s2006 es r 000 0 spa d | ||
| 020 | _a8471337592 | ||
| 035 | _aUPN01000173325 | ||
| 049 | _aCG | ||
| 050 | 4 |
_aLB2846 _bT4.2 |
|
| 100 | 1 |
_aTejedor Tejedor, Francisco Javier _938551 |
|
| 245 | 1 | 0 |
_aAnálisis inferencial de datos en educación/ _cFrancisco Javier Tejedor Tejedor, Juan Etxeberria Murgiondo. |
| 260 |
_aMadrid : _bMuralla, _c2006. |
||
| 300 |
_a460 p. : _btablas |
||
| 440 | 0 | _aManuales de metodología de investigación educativa | |
| 650 | 4 |
_aEstadística educativa _914177 |
|
| 650 | 4 |
_aMediciones y pruebas educativas _94299 |
|
| 650 | 4 |
_aIndicadores educativos _910097 |
|
| 700 | 1 |
_aEtxeberria Murgiondo, Juan, _ecoaut. |
|
| 905 | _aLibro | ||
| 999 |
_c145429 _d145429 |
||